| 000 | 00782nam a2200241 i 4500 | ||
|---|---|---|---|
| 001 | 73269 | ||
| 003 | ES-MaACL | ||
| 005 | 20230906171731.0 | ||
| 007 | t| | ||
| 008 | 040923s1996 sp ||||1| spa d | ||
| 020 | _a84-339-0777-8 | ||
| 080 | _a929 Bohigas, Oriol | ||
| 100 | 1 |
_aBohigas, Oriol. _929819 |
|
| 245 | 1 | 0 |
_aEntusiasmos compartidos y batallas sin cuartel _b: dietario de recuerdos II / _cOriol Bohigas ; traducción de Joaquín Jordá. |
| 260 |
_aBarcelona : _bAnagrama, _c[1996] |
||
| 300 |
_a345 p. ; _c23 cm. |
||
| 490 | 1 |
_aBiblioteca de la memoria ; _v12 |
|
| 600 | 1 | 4 |
_aBohigas, Oriol. _929819 |
| 700 | 1 |
_aJordá, Joaquín. _966895 |
|
| 830 | 0 |
_aBiblioteca de la memoria ; _v12 _9177960 |
|
| 852 |
_aES-MaACL _jL-28103 _bR.134111 |
||
| 999 |
_c73269 _d73269 |
||